| 000 | 02261cas a22004931i 4500 | ||
|---|---|---|---|
| 001 | zz2006960506 | ||
| 003 | NUKAT | ||
| 005 | 20260408190637.0 | ||
| 008 | 060103d18731879pl mr|p| | |0 |0pol c | ||
| 035 | _a(OCoLC)69302898 | ||
| 035 | _a(NUKAT)zz2006960506 | ||
| 040 |
_aLUBL KUL/KG _cLUBL KUL/KG _dLUBL KUL/KGs _dWA 732/AR |
||
| 245 | 0 | 0 |
_aApostolstwo Serca Jezusowego : _bzwiązek katolicki dla tryumfu Kościoła Ś. i zbawienia dusz ludzkich. |
| 246 | 1 | 5 | _aZbiór Intencyi Miesięcznych Apostolstwa Serca Jezusowego |
| 260 |
_aKraków : _bnakł. ks. Michał Mycielski, _c1873-1879 _e(Kraków : _fDruk W. Korneckiego). |
||
| 300 | _c15 cm. | ||
| 310 | _aMies. | ||
| 336 |
_aTekst _btxt _2rdacontent |
||
| 337 |
_aBez urządzenia pośredniczącego _bn _2rdamedia |
||
| 338 |
_aWolumin _bnc _2rdacarrier |
||
| 362 | 0 | _a1873 [nr 1]-1879 [nr 12]. | |
| 380 | _aCzasopisma | ||
| 500 | _aOpis na podst. Centralnego Katalogu Czasopism Polskich BN i 1874 (sierp.). | ||
| 500 | _aOd r. 1878 dodatkowy podtyt.: intencya miesięczna. | ||
| 500 | _aW 1876 podtytuł: związek katolicki dla tryumfu Kościoła Św. i zbawienia dusz ludzkich. | ||
| 500 | _aMaj 1879 tyt. okł.: Intencya Apostolstwa na Maj zarazem Pamiątka 800-letniej Rocznicy męczeństwa św. Stanisława Biskupa. | ||
| 515 | _aPaginacja ciągła w obrębie roku ; Brak numeracji mies. | ||
| 610 | 2 | 7 |
_aApostolstwo Modlitwy _vczasopisma. _2kaba _939686 |
| 650 | 7 |
_aDuchowość katolicka _2DBN _937278 |
|
| 650 | 7 |
_aKult _2DBN _939604 |
|
| 650 | 7 |
_aSerce Jezusa _2DBN _939605 |
|
| 650 | 7 |
_aNajświętsze Serce Jezusa _xkult _vczasopisma. _2kaba _939685 |
|
| 655 | 7 |
_aCzasopismo katolickie _2DBN _936110 |
|
| 655 | 7 |
_aCzasopismo polskie _2DBN _936111 |
|
| 658 | _aReligia i duchowość | ||
| 700 | 1 |
_aMycielski, Michał _d(1826-1906). _eWyd. _938982 |
|
| 710 | 2 |
_aApostolstwo Modlitwy. _939684 |
|
| 780 | 0 | 0 |
_tApostolstwo Serca Jezusowego czyli Związek Katolicki dla Triumfu Kościoła i Dusz Zbawienia _g1872 _w(NUKAT)zz2006960505 |
| 785 | 0 | 0 |
_tIntencya Miesięczna czyli Posłaniec Apostolstwa Serca Jezusowego _g1880-1903 _w(NUKAT)df2001002840 |
| 787 | 0 |
_tNabożeństwo do Świętego Józefa _xxx005917642 |
|
| 942 |
_2ddc _cBK_NM |
||
| 999 |
_c27481 _d27481 |
||